| 000 | 00642nam a22001811 4500 | ||
|---|---|---|---|
| 082 | 0 | 0 |
_a629.222 _bBRI _cL-17, P-35 |
| 100 | 1 |
_aBricker, Frederick E. _944375 |
|
| 245 | 1 | 0 |
_aAudels automobile guide, _cby Frederick E. Bricker. |
| 250 | _a[1st ed.] | ||
| 260 |
_aIndianapolis, _bT. Audel _c[1966] |
||
| 300 |
_a723 p. _billus. _c17 cm. |
||
| 500 | _aThird ed. published in 1972 under title: Automobile guide. | ||
| 526 |
_a0 _b0 _c0 _d629_222000000000000_BRI |
||
| 650 | 0 |
_aAutomobiles _xHandbooks, manuals, etc. _944376 |
|
| 650 | 0 |
_aAutomobiles _xMaintenance and repair _xHandbooks, manuals, etc. _944377 |
|
| 650 | 0 |
_aMCE _9379 |
|
| 942 |
_2ddc _cBK |
||
| 999 |
_c548184 _d548184 |
||